Münchner Stadtbezirksteile mit Karte - Statistiken

Allgemein
  • Dieses Quiz wurde 213 mal gespielt
  • Das Durchschnittsergebnis liegt bei 26 aus 108
Antworten auf der Karte
Die Antworten werden auf der Karte rot bzw. grün angezeigt, abhängig davon wie oft sie richtig erraten wurden.
 
Antwortstatistiken
Stadtbezirksteil % Korrekt
Pasing
62%
Trudering-Riem
58%
Alt Moosach
54%
Nymphenburg
54%
Giesing
53%
Neuperlach
53%
Hasenbergl-Lerchenau Ost
52%
Altbogenhausen
50%
Solln
50%
Lehel
49%
Berg am Laim Ost
48%
Untermenzing-Allach
48%
Obermenzing
47%
Milbertshofen
46%
Thalkirchen
46%
Untergiesing
46%
Feldmoching
45%
Freimann
45%
Obergiesing
45%
Obersendling
45%
Fürstenried-West
44%
Großhadern
44%
Neuhausen
42%
Ludwigsvorstadt-Kliniken
38%
Forstenried
37%
Untersendling
37%
Am Hart
36%
Harlaching
34%
Englischer Garten Süd
33%
Altperlach
31%
Ramersdorf
31%
Schwanthalerhöhe
31%
Lochhausen
28%
Glockenbach
27%
Mittersendling
27%
Freiham
24%
Westend
24%
Waldperlach
23%
Blumenau
21%
Daglfing
21%
Waldtrudering
21%
Johanneskirchen
20%
Oberföhring
20%
Am Schlachthof
18%
Münchener Freiheit
18%
Neuschwabing
18%
Angerviertel
17%
Englschalking
17%
Gärtnerplatz
17%
Schwabing-Ost
17%
St. Benno
17%
Alte Heide-Hirschau
16%
Hackenviertel
16%
Ludwigsfeld
16%
Sendlinger Feld
16%
Am Waldfriedhof
15%
Deutsches Museum
15%
Graggenau
15%
Haidhausen-Nord
15%
Haidhausen-Süd
15%
Herzogpark
15%
Kreuzviertel
15%
Messestadt Riem
15%
Neuhadern
15%
Neupasing
15%
Obere Au
15%
Steinhausen
15%
St. Paul
15%
Universität
15%
Untere Au
15%
Altaubing
14%
Am Westbad
14%
Dom Pedro
14%
Lerchenau West
14%
Marsfeld
14%
Maximilianeum
14%
Oberwiesenfeld
14%
Am Riesenfeld
13%
Augustenstraße
13%
Friedenheim
13%
Gartenstadt Trudering
13%
St. Vinzenz
13%
Biederstein
12%
Dreimühlen
12%
Industriebezirk
12%
Josephsplatz
12%
Königsplatz
12%
Land in Sonne
12%
Moosach-Bahnhof
12%
Neuharlaching
12%
Parkstadt
12%
Siebenbrunn
12%
Alte Kaserne
11%
Am alten nördlichen Friedhof
11%
Am alten südlichen Friedhof
11%
Am Luitpoldpark
11%
Aubing-Süd
11%
Balanstraße-West
11%
Josephsburg
11%
Kleinhesselohe
11%
Neufreimann
11%
Maßmannbergl
10%
St. Ulrich
10%
Südgiesing
10%
Obere Isarau
9%
Schönfeldvorstadt
9%
Schwere-Reiter-Straße
9%
Echarding
8%
Keine übereinstimmenden Quizze gefunden
Verteilung der Resultate
Anzahl Personen mit jedem Resultat
Perzentil nach korrekt beantworteten Fragen
Ihre Resultats-Entwicklung
Sie haben dieses Quiz noch nicht gespielt